000 00496nam a2200169 i 4500
001 92115
003 ES-MaACL
005 20230906180912.0
007 t|
008 050221s1957 cu ||||1| spa d
100 1 _aLezama Lima, José.
_972118
245 1 3 _aLa expresión americana /
_cJosé Lezama Lima.
260 _aLa Habana :
_bInstituto Nacional de Cultura,
_c[1957]
300 _a119 p. ;
_c23 cm.
710 2 _aInstituto Nacional de Cultura (Cuba)
_9164845
852 _aES-MaACL
_jC-14091
999 _c92115
_d92115